Myths and Legends in Indian art (Record no. 33568)

MARC details
000 -LEADER
fixed length control field 00866nam a22002535a 4500
005 - DATE AND TIME OF LATEST TRANSACTION
control field 20080522115808.0
008 - FIXED-LENGTH DATA ELEMENTS--GENERAL INFORMATION
fixed length control field 080520s2008 nyu 000 0 eng
010 ## - LCCN (DPL NO)
LC control number ENG-95807
020 ## - INTERNATIONAL STANDARD BOOK NUMBER
International Standard Book Number 9788173200902
Terms of availability 2950.00
035 ## - SYSTEM CONTROL NUMBER
System control number EN-79340
037 ## - SOURCE OF ACQUISITION
Stock number DBAD/PUB
040 ## - CATALOGING SOURCE
Original cataloging agency DPL
100 ## - MAIN ENTRY--PERSONAL NAME
Personal name Trivedi, S. D.
245 ## - TITLE STATEMENT
Title Myths and Legends in Indian art
Statement of responsibility, etc by S.D. Trivedi [and] Atul Jairath
250 ## - EDITION STATEMENT
Edition statement .
260 ## - PUBLICATION, DISTRIBUTION, ETC. (IMPRINT)
Place of publication, distribution, etc New Delhi
Name of publisher, distributor, etc Agam Kala Prakashan
Date of publication, distribution, etc 2009
270 ## - ADDRESS
Address 34, Central Market, Ashok Vihar
City New Delhi
Postal code 110052
300 ## - PHYSICAL DESCRIPTION
Extent xxiv,271p
Other physical details 29cm, (Hb)
500 ## - GENERAL NOTE
General note Includes bibliographical references and Index
700 ## - ADDED ENTRY--PERSONAL NAME
Personal name Jairath, Atul
942 ## - ADDED ENTRY ELEMENTS (KOHA)
Source of classification or shelving scheme Dewey Decimal Classification
Item type English Books
Call number suffix TRI
Holdings
Withdrawn status Lost status Source of classification or shelving scheme Damaged status Not for loan Collection code Home library Current library Date acquired Source of acquisition Cost, normal purchase price Total Checkouts Full call number Barcode Date last seen Copy number Cost, replacement price Koha item type
    Dewey Decimal Classification   Not For Loan Non-fiction D.B.Act.Division D.B.Act.Division 01/01/2010 DBAD/PUB 2950.00   TRI EN-79340 09/01/2010 1 2950.00 English Books

© Delhi Public Library
Hit Counter
free hit counter